| 000 | 00980nam a22003017a 4500 | ||
|---|---|---|---|
| 003 | CHAP | ||
| 005 | 20220329133036.0 | ||
| 008 | 971013s1985 r 10010 d | ||
| 010 | _a1541 | ||
| 011 | _a2513 | ||
| 035 | _a1707 | ||
| 040 | _cCHAP | ||
| 082 |
_a719.36063 _bS5 |
||
| 111 | 0 | 0 |
_aSimposio Internacional de Fauna Silvestre ( _n1 _d: 1985 _c: México, D. F.) _9106256 |
| 245 | _aMemoria | ||
| 260 |
_aMéxico, D. F. : _bSubsecretaría de Ecología, _c1985 |
||
| 300 | _a2 v. | ||
| 590 |
_aBATCH-UPD _b10 _c20130110 _lUCH01 _h2142 |
||
| 590 |
_aBATCH-UPD _b10 _c20130410 _lUCH01 _h1450 |
||
| 590 |
_aBATCH-UPD _b10 _c20130914 _lUCH01 _h2103 |
||
| 590 |
_aCONVERSION _b10 _c20130109 _lUCH01 _h1302 |
||
| 650 | 1 | 4 |
_aVida silvestre _xCongresos. _9119165 |
| 650 | 1 | 4 |
_aVida silvestre _zMéxico. _9119208 |
| 901 | _aBK | ||
| 942 | _cLIBRO | ||
| 949 |
_a719.36063 S5 _bBC _cCONG _d-11198 _eCONG _fv.1 _h79070 _i1707 _si |
||
| 949 |
_a719.36063 S5 _bBC _cCONG _d-69521 _eCONG _fv.2 _h79071 _i1707 _si |
||
| 999 |
_c1541 _d1541 |
||